Statistics for 30 Italian Musical Acts by Songs

Click here to take the quiz!

General Stats

  • This quiz has been taken 124 times
  • The average score is 12 of 32

Answer Stats

SongsArtist/Band% Correct
Felicità, Ci Sarà, SharazanAl Bano & Romina Power
76%
Con Te Partirò (Time To Say Goodbye), Vivo Per Lei, Canto Della TerraAndrea Bocelli
73%
Sarà Perché Ti Amo (Sera Porque Te Amo), Che Sarà, Mamma MariaRicchi e Poveri
63%
Adesso Tu, Più Bella Cosa (La Cosa Más Bella), I Belong to You (Il Ritmo Della Passione)Eros Ramazzotti
61%
Azzurro, Una Festa Sui Prati, L’Emozione Non Ha VoceAdriano Celentano
60%
Bello E Impossibile, Un’Estate Italiana, Sei Nell’AnimaGianna Nannini
58%
Ti Amo, Gloria, TuUmberto Tozzi
58%
Blue (Da Ba Dee), Move Your Body, Auto BluEiffel 65
57%
Mambo Salentino, Karaoke, Comunque AndareAlessandra Amoroso
56%
A Te, Baciami Ancora, Serenata RapJovanotti
56%
Nel Blu Dipinto Di Blu (Volare), Piove (Ciao Ciao Bambina), MeravigliosoDomenico Modugno
54%
Laura Non C'è (Laura Non Està), Tu Nombre, Lascia Che Io SiaNek
53%
Stavo Pensando A Te, In Italia, Tranne TeFabri Fibra
50%
Senza Una Donna (Without A Woman), Baila Morena (Sexy Thing), DiamanteZucchero
50%
L’Amour Toujours, The Riddle, Bla Bla BlaGigi D'Agostino
48%
En Cambio No, Primavera In Anticipo (It Is My Song), Vivimi / VívemeLaura Pausini
48%
L'Italiano, Insieme: 1992, Solo NoiToto Cutugno
48%
Grande Amore, Más Que Amor, Musica Che RestaIl Volo
47%
Self Control, Infinito, Non È Mai Un ErroreRaf
29%
Boys (Summertime Love), All Of Me, Siamo DonneSabrina
27%
Figli Di Pitagora, Cuore Matto, Too GoodLittle Tony
26%
The Rhythm of the Night, Baby Baby, Try Me OutCorona
24%
Call Me, Il Cerchio Della Vita, Easy LadyIvana Spagna
24%
I Like Chopin, Masterpiece, LunaticGazebo
20%
Freed From Desire, Let A Boy Cry, Come Into My LifeGala
17%
Satisfaction, Cinema, No Matter What You DoBenny Benassi
13%
Together In Electric Dreams, Reach Out, ChaseGiorgio Moroder
12%
Tarzan Boy, Woody Boogie, Living In The BackgroundBaltimora
10%
Chameleon, Tell Me, Ritrova Te StessoMichela Pace
8%
Dolce Vita, Fall In Love, Together AgainRyan Paris
8%
Ride On Time, Everybody Everybody, Strike It UpBlack Box
7%
Our Truth, Trip The Darkness, Enjoy The SilenceLacuna Coil
4%

Score Distribution

Percentile by Number Answered

Percent of People with Each Score

Your Score History

You have not taken this quiz